Fr. Conceicao Rodrigues College of Engineering

Introduction to database system (Record no. 33525)

MARC details
000 -LEADER
fixed length control field 00347nam a2200169Ia 4500
082 ## - DEWEY DECIMAL CLASSIFICATION NUMBER
Classification number 005.74/DAT
100 ## - MAIN ENTRY--PERSONAL NAME
Personal name Date/C.J
250 ## - EDITION STATEMENT
Edition statement 7
245 ## - TITLE STATEMENT
Title Introduction to database system
260 ## - PUBLICATION, DISTRIBUTION, ETC.
Name of publisher, distributor, etc. Pearson Education
Place of publication, distribution, etc. Mumbai
Date of publication, distribution, etc. 2000
366 ## - TRADE AVAILABILITY INFORMATION
Publishers's discount category 15
300 ## - PHYSICAL DESCRIPTION
Extent 938
546 ## - LANGUAGE NOTE
Language note ENGLISH
654 ## - SUBJECT ADDED ENTRY--FACETED TOPICAL TERMS
Focus term database
942 ## - ADDED ENTRY ELEMENTS (KOHA)
Koha item type BOOK
Holdings
Withdrawn status Lost status Damaged status Not for loan Collection Home library Current library Date acquired Source of acquisition Cost, normal purchase price Inventory number Total Checkouts Full call number Barcode Date last seen Cost, replacement price Price effective from Koha item type
        CRC Fr. Agnel's C.Rodrigues College of Engineering Fr. Agnel's C.Rodrigues College of Engineering 17/03/2023 Unique Book Distributors 335.00 5174 dt 27.10.2005   005.74/DAT 16037 17/03/2023 350.00   BOOK
        CRC Fr. Agnel's C.Rodrigues College of Engineering Fr. Agnel's C.Rodrigues College of Engineering 17/03/2023 Unique Book Distributors 335.00     005.74/DAT 16038 17/03/2023 350.00   BOOK
        CRC Fr. Agnel's C.Rodrigues College of Engineering Fr. Agnel's C.Rodrigues College of Engineering 17/03/2023 Unique Book Distributors 335.00     005.74/DAT 16039 17/03/2023 350.00   BOOK
        CRC Fr. Agnel's C.Rodrigues College of Engineering Fr. Agnel's C.Rodrigues College of Engineering 17/03/2023 Unique Book Distributors 335.00     005.74/DAT 16040 21/02/2024 350.00   BOOK
        CRC Fr. Agnel's C.Rodrigues College of Engineering Fr. Agnel's C.Rodrigues College of Engineering 17/03/2023 Unique Book Distributors 335.00     005.74/DAT 16041 17/03/2023 350.00   BOOK